• 首页
  • 本馆介绍
  • 公告通知
  • 最新文献
  • 馆藏检索
  • 电子资源
  • 读者导购
  • 参考咨询
  • 我的图书馆
  • 登录
  • 详细信息显示
  • 放入我的书架
  • 预约/预借图书
  • 作者相关作品
  • 分类相关作品
  • 丛书相关作品
  • 出版社相关作品

书目信息

  • 表格格式
  • 工作单格式
  • 卡片格式
题名:
文艺复兴时期人神对话
    
 
作者: 周春生 编著
分册:  
出版信息: 上海   华东师范大学出版社  2002.02
页数: 186页
开本: 20cm
丛书名:
单 册:
中图分类: B503.9
科图分类:
主题词: 哲学--欧洲
电子资源:
ISBN: 7-5617-2837-9
000 00606nam0 2200193 450
001 2631042418
005 20260414083909.50
010    @a7-5617-2837-9@dCNY18.00
100    @a20260414d2002 km y0chiy0120 ea
101 0  @achi
102    @aCN@b310000
200 1  @a文艺复兴时期人神对话@AWen Yi Fu Xing Shi Qi Ren Shen Dui Hua@f周春生编著@FZhou Chun Sheng Bian Zhu
210    @a上海@c华东师范大学出版社@d2002.02
215    @a186页@d20cm
606 0  @a哲学@x欧洲
690    @aB503.9@v4
701  0 @a周春生@AZhou Chun Sheng@4编著
801  0 @aCN@b大连网信软件有限公司图书馆·11@c20260414
905    @aZUCC@dB503.9@e153
    
    文艺复兴时期人神对话/周春生编著.-上海:华东师范大学出版社,2002.02
    186页;20cm
    
    
    ISBN 7-5617-2837-9:CNY18.00
    
●
相关链接 在E读中查询图书 在五车中查询图书 在当当中查询图书 在豆瓣中查询图书


正题名:文艺复兴时期人神对话     索取号:B503.9/153         预约/预借

序号 登录号 条形码 馆藏地/架位号 状态 备注
1 1442637   214426370   第一样本阅览室/ [索取号:B503.9/153] 在馆    
唐山师范学院图书馆 欢迎您!
大连网信软件有限公司© 版权所有